Public Finance (Record no. 11162)
[ view plain ]
| 000 -LEADER | |
|---|---|
| fixed length control field | 00448nam a22001817a 4500 |
| 003 - CONTROL NUMBER IDENTIFIER | |
| control field | OSt |
| 008 - FIXED-LENGTH DATA ELEMENTS--GENERAL INFORMATION | |
| fixed length control field | 220418b ||||| |||| 00| 0 eng d |
| 020 ## - INTERNATIONAL STANDARD BOOK NUMBER | |
| International Standard Book Number | 9789327294583 |
| 082 ## - DEWEY DECIMAL CLASSIFICATION NUMBER | |
| Classification number | 336 LEP |
| 100 ## - MAIN ENTRY--PERSONAL NAME | |
| Personal name | LEKHI, R.K. |
| 245 ## - TITLE STATEMENT | |
| Title | Public Finance |
| 250 ## - EDITION STATEMENT | |
| Edition statement | 15th Revised Edition |
| 260 ## - PUBLICATION, DISTRIBUTION, ETC. (IMPRINT) | |
| Place of publication, distribution, etc | New Delhi |
| Name of publisher, distributor, etc | Kalyani Publishers |
| Date of publication, distribution, etc | 2022 |
| 300 ## - PHYSICAL DESCRIPTION | |
| Extent | 993 |
| 650 ## - SUBJECT ADDED ENTRY--TOPICAL TERM | |
| Topical term or geographic name as entry element | Public Finance (Economics) |
| 700 ## - ADDED ENTRY--PERSONAL NAME | |
| Personal name | SINGH, Joginder |
| 942 ## - ADDED ENTRY ELEMENTS (KOHA) | |
| Source of classification or shelving scheme | Dewey Decimal Classification |
| Koha item type | Text Books |
| 942 ## - ADDED ENTRY ELEMENTS (KOHA) | |
| -- | 6 |
| Withdrawn status | Lost status | Source of classification or shelving scheme | Damaged status | Not for loan | Collection code | Home library | Current library | Date acquired | Source of acquisition | Currency | Cost, normal purchase price | Bill Number | Total Checkouts | Full call number | Acc. no. / Barcode | Date last seen | Date last borrowed | Actual Cost, discounted price | Bill Date | Koha item type |
|---|---|---|---|---|---|---|---|---|---|---|---|---|---|---|---|---|---|---|---|---|
| Dewey Decimal Classification | B.A Economics | PIET NCR College Library | PIET NCR College Library | 18/04/2022 | Kirti Prakashan | Indian Rup | 595.00 | IN62 | 3 | 336 LEP | N2387 | 21/01/2025 | 10/01/2025 | 476.00 | 09/04/2022 | Text Books | ||||
| Dewey Decimal Classification | B.A Economics | PIET NCR College Library | PIET NCR College Library | 18/04/2022 | Kirti Prakashan | Indian Rup | 595.00 | IN62 | 7 | 336 LEP | N2388 | 31/01/2025 | 21/01/2025 | 476.00 | 09/04/2022 | Text Books | ||||
| Dewey Decimal Classification | B.A Economics | PIET NCR College Library | PIET NCR College Library | 18/04/2022 | Kirti Prakashan | Indian Rup | 595.00 | IN62 | 3 | 336 LEP | N2389 | 28/01/2025 | 10/01/2025 | 476.00 | 09/04/2022 | Text Books | ||||
| Dewey Decimal Classification | B.A Economics | PIET NCR College Library | PIET NCR College Library | 18/04/2022 | Kirti Prakashan | Indian Rup | 595.00 | IN62 | 4 | 336 LEP | N2390 | 31/01/2025 | 13/01/2025 | 476.00 | 09/04/2022 | Text Books | ||||
| Dewey Decimal Classification | B.A Economics | PIET NCR College Library | PIET NCR College Library | 18/04/2022 | Kirti Prakashan | Indian Rup | 595.00 | IN62 | 3 | 336 LEP | N2391 | 13/01/2025 | 10/12/2024 | 476.00 | 09/04/2022 | Text Books |